| 000 | 00342nam a2200133 a 4500 | ||
|---|---|---|---|
| 001 | 4138 | ||
| 003 | CDMR | ||
| 005 | 20130116135252.0 | ||
| 008 | 130130s1995||||||||||||||||||||||||||||d | ||
| 040 |
_aCDMR _bcat _cCPC GIRONA |
||
| 245 | 0 | _aAtles universal català - Gran Enciclopèdia Catalana | |
| 260 |
_c1995 _bEnciclopèdia catalana |
||
| 942 | _cMON | ||
| 999 |
_c4138 _d4138 |
||